[Event "Chigorin Memorial 2019"]
[Site "St Petersburg RUS"]
[Date "2019.10.08"]
[Round "4.59"]
[White "Kolchin, Maxim"]
[Black "Gitelson, Arkady"]
[Result "0-1"]
[WhiteElo "2077"]
[BlackElo "2282"]
[WhiteFideId "34147222"]
[BlackFideId "34101257"]
[EventDate "2019.10.05"]

1. d4 Nf6 2. Nf3 g6 3. Bf4 Bg7 4. e3 O-O 5. Be2 b6 6. O-O Bb7 7. Nbd2 d6 8. h3
Nbd7 9. c3 Qe8 10. Bh2 e5 11. Nc4 e4 12. Nfd2 Nd5 13. Qb3 a5 14. a4 Kh8 15. Na3
f5 16. Rae1 N7f6 17. Nb5 Qd7 18. Rd1 Ne8 19. c4 Nb4 20. c5 bxc5 21. dxc5 d5 22.
Nd4 Ba6 23. Bxa6 Rxa6 24. Ne2 c6 25. f3 exf3 26. Nxf3 Nf6 27. Ne5 Qe8 28. Nf4
Ne4 29. Ned3 Nxd3 30. Nxd3 Qe7 31. Qa3 Ra7 32. Rfe1 Rd8 33. Rc1 Rb7 34. b4 axb4
35. Nxb4 Qd7 36. Red1 Ra8 37. Rxd5 cxd5 38. c6 Qc8 39. cxb7 Qxb7 40. Rc7 Qb6 41.
Rc6 Qa5 42. Rc1 d4 43. Nc6 Qd2 44. Nb8 Nc3 45. Rf1 Qxe3+ 46. Kh1 Qe8 47. Qd6
Rxa4 48. Nc6 Ra6 49. Qd8 Qxd8 50. Nxd8 d3 0-1

[Event "Chigorin Memorial 2019"]
[Site "St Petersburg RUS"]
[Date "2019.10.08"]
[Round "4.60"]
[White "Salman, Pavel"]
[Black "Vetokhin, Savva"]
[Result "1-0"]
[WhiteTitle "FM"]
[BlackTitle "CM"]
[WhiteElo "2282"]
[BlackElo "2071"]
[WhiteFideId "24153753"]
[BlackFideId "44144474"]
[EventDate "2019.10.05"]

1. d4 Nf6 2. c4 e6 3. Nf3 c5 4. d5 exd5 5. cxd5 d6 6. Nc3 g6 7. h3 Bg7 8. e4 O-O
9. Bd3 Re8 10. O-O Na6 11. Re1 Nc7 12. a4 Nd7 13. Bg5 Bf6 14. Be3 Ne5 15. Nxe5
Bxe5 16. f4 Bg7 17. Bc4 Bxc3 18. bxc3 Rxe4 19. Bd3 Rxe3 20. Rxe3 Nxd5 21. Rf3
Nxc3 22. Qb3 Qf6 23. Rc1 Qd4+ 24. Kh2 Ne4 25. Rc4 Nd2 26. Rxd4 Nxb3 27. Rxd6 Be6
28. Be4 Na5 29. g4 Re8 30. f5 Bb3 31. Bd5 Bxd5 32. Rxd5 b6 33. Rd7 g5 34. Rxa7
Nc6 35. Rb7 Nd4 36. Rf2 c4 37. Rd7 Re4 38. f6 h6 39. Re7 Ne6 40. Rc2 Rf4 41. Rb7
Nd4 42. Rc3 Rxf6 43. Rxc4 Ne2 44. Rb4 Nc3 45. R4xb6 Rxb6 46. Rxb6 Nxa4 47. Rxh6
Kg7 48. Rc6 Nb2 49. Rc3 Na4 50. Rc7 Nb2 51. Kg3 Nd3 52. Ra7 Kg6 53. Kf3 f6 54.
Ra3 Nc5 55. Ke3 Ne6 56. Ke4 Nc7 57. Rc3 Ne6 58. Rc6 Nd8 59. Ra6 Nf7 60. Kd5 Nh6
61. Ke6 Ng8 62. Ra8 Kg7 63. Rxg8+ 1-0

[Event "Chigorin Memorial 2019"]
[Site "St Petersburg RUS"]
[Date "2019.10.08"]
[Round "4.61"]
[White "Iliaguev, Daniel"]
[Black "Gomes, Mary Ann"]
[Result "0-1"]
[BlackTitle "WGM"]
[WhiteElo "2082"]
[BlackElo "2268"]
[WhiteFideId "2818434"]
[BlackFideId "5013623"]
[EventDate "2019.10.05"]

1. c4 c5 2. Nc3 Nc6 3. g3 b6 4. Bg2 Bb7 5. d3 g6 6. e3 Bg7 7. Nge2 Nf6 8. O-O
O-O 9. a3 Qc8 10. Rb1 Ne5 11. e4 Nc6 12. h3 d6 13. Be3 e6 14. Qd2 Rd8 15. b4
cxb4 16. axb4 d5 17. cxd5 exd5 18. exd5 Ne7 19. Rfc1 Qd7 20. d6 Nf5 21. Ne4 Nxd6
22. Nxf6+ Bxf6 23. Bxb7 Nxb7 24. Nf4 Be5 25. Kg2 Nd6 26. d4 Bxf4 27. Bxf4 Nb5
28. Be5 Qd5+ 29. Kg1 Qxe5 0-1

[Event "Chigorin Memorial 2019"]
[Site "St Petersburg RUS"]
[Date "2019.10.08"]
[Round "4.62"]
[White "Khaliullin, Albert"]
[Black "Zabolotnov, Evgeny"]
[Result "1/2-1/2"]
[WhiteElo "2053"]
[BlackElo "2255"]
[WhiteFideId "44136242"]
[BlackFideId "34157619"]
[EventDate "2019.10.05"]

1. e4 c6 2. d4 d5 3. e5 Bf5 4. Nd2 e6 5. Nb3 Nd7 6. Nf3 h6 7. Be2 Ne7 8. O-O g5
9. Bd2 Bg6 10. Rc1 Nf5 11. c4 dxc4 12. Na5 Qc7 13. Bxc4 g4 14. Ne1 Nxd4 15. Qxg4
Bc5 16. Nf3 Nxf3+ 17. Qxf3 Nxe5 18. Qf6 Rg8 19. Bf4 Bd6 20. Bxe6 Nf3+ 21. gxf3
Bxf4 22. Rfe1 Bf5+ 23. Kh1 Bxe6 24. Rcd1 Qe7 25. Qxf4 Qg5 26. Qxg5 Rxg5 27. Nxb7
Ke7 28. b3 Rag8 29. Nd6 Kf8 30. Ne4 Rd5 31. Rc1 Ra5 32. Rxc6 Rxa2 33. h4 Ra5 34.
Kh2 Rh5 35. Ng3 Rxh4+ 36. Kg2 Kg7 37. Rc7 Kf6 38. Rxa7 Bxb3 39. Re4 Rxe4 40.
fxe4 h5 41. Kh2 h4 42. Nf5 Kg5 43. Ra3 Be6 44. Rh3 Bxf5 45. exf5 Ra8 46. Kg2 Ra4 1/2-1/2

[Event "Chigorin Memorial 2019"]
[Site "St Petersburg RUS"]
[Date "2019.10.08"]
[Round "4.63"]
[White "Kovalev, Vitaly"]
[Black "Gilyazitdinov, Nikita"]
[Result "1-0"]
[WhiteElo "2240"]
[BlackElo "2050"]
[WhiteFideId "24120588"]
[BlackFideId "4184106"]
[EventDate "2019.10.05"]

1. g3 e5 2. Bg2 d6 3. c4 g6 4. e3 Bg7 5. Ne2 f5 6. Nbc3 Nf6 7. O-O c6 8. d3 O-O
9. b4 a6 10. c5 d5 11. Na4 Be6 12. Nb6 Ra7 13. Bb2 Nbd7 14. f4 Nxb6 15. cxb6
Qxb6 16. h3 Nd7 17. fxe5 Bxe5 18. Bd4 Bxd4 19. Nxd4 Raa8 20. Kh2 Rae8 21. Qd2
Bf7 22. a4 Re7 23. a5 Qc7 24. e4 dxe4 25. Nxf5 Ree8 26. Nh6+ Kg7 27. Ng4 e3 28.
Qc3+ Ne5 29. Nxe3 h5 30. Rae1 Kh7 31. d4 Nd7 32. d5 Qe5 33. Qd2 Qd6 34. Nc4 Qb8
35. dxc6 Bxc4 36. Qxd7+ Kh6 37. Rxf8 Rxf8 38. Re7 bxc6 39. Rh7+ Kg5 40. Qe7+ 1-0

[Event "Chigorin Memorial 2019"]
[Site "St Petersburg RUS"]
[Date "2019.10.08"]
[Round "4.64"]
[White "Slugin, Yaroslav"]
[Black "Ilyasli, Ughur"]
[Result "1/2-1/2"]
[BlackTitle "CM"]
[WhiteElo "2014"]
[BlackElo "2243"]
[WhiteFideId "34142913"]
[BlackFideId "13416197"]
[EventDate "2019.10.05"]

1. d4 Nf6 2. Nf3 g6 3. Bg5 Bg7 4. Nbd2 O-O 5. c3 d6 6. e4 c5 7. dxc5 dxc5 8. Bc4
Nc6 9. Qe2 Qc7 10. O-O h6 11. Bxf6 exf6 12. Qe3 Ne7 13. Rfd1 Be6 14. Bxe6 fxe6
15. a4 Rfd8 16. Nc4 e5 17. Qe2 Qc6 18. Na5 Rxd1+ 19. Rxd1 Qxa4 20. Nxb7 Rc8 21.
Nd6 Rd8 22. Rd2 h5 23. Qc4+ Qxc4 24. Nxc4 Rxd2 25. Nfxd2 Nc8 26. Nb3 Bf8 27. Kf1
Kf7 28. Ke2 Ke6 29. Kd3 Kd7 30. Ne3 Kc6 31. Nd5 f5 32. f3 Nd6 33. Nd2 fxe4+ 34.
fxe4 g5 35. Nc4 Nf7 36. Nf6 h4 37. h3 Kb5 38. Nd7 Bg7 39. Ne3 c4+ 40. Nxc4 Kc6
41. Nb8+ Kb7 42. Nd7 Kc6 43. Nb8+ Kb7 44. Nd7 1/2-1/2

[Event "Chigorin Memorial 2019"]
[Site "St Petersburg RUS"]
[Date "2019.10.08"]
[Round "4.65"]
[White "Tsaruk, Maksim"]
[Black "Saveljev, Ivan"]
[Result "1-0"]
[WhiteElo "2230"]
[BlackElo "2010"]
[WhiteFideId "13511173"]
[BlackFideId "54158257"]
[EventDate "2019.10.05"]

1. e4 c5 2. Nf3 Nc6 3. d4 cxd4 4. Nxd4 Nf6 5. Nc3 e5 6. Ndb5 d6 7. Bg5 a6 8. Na3
b5 9. Nd5 Be7 10. Bxf6 Bxf6 11. c3 O-O 12. Nc2 Bg5 13. a4 bxa4 14. Rxa4 a5 15.
Bc4 Rb8 16. b3 Kh8 17. Nce3 Ne7 18. Nxe7 Bxe7 19. O-O Bg5 20. Nf5 Bd7 21. Ra2
Bxf5 22. exf5 Rc8 23. Qf3 Rc5 24. Rd1 Qc7 25. g3 Rd8 26. h4 Bh6 27. f6 g6 28.
Rd5 Rc8 29. Rxc5 dxc5 30. Qd5 Rd8 31. Qxf7 Qxf7 32. Bxf7 Rf8 33. Bd5 Rxf6 34.
Rxa5 Bf8 35. Ra8 Kg7 36. Ra7+ Kh8 37. Rc7 Bd6 38. Rb7 Bf8 39. Kf1 Rd6 40. Be4
Rf6 41. Ke2 Rd6 42. Rc7 Rf6 43. f3 Kg8 44. Bd5+ Kh8 45. Be4 Kg8 46. Kd3 Rb6 47.
Kc4 Bd6 48. Rd7 Bf8 49. g4 Kh8 50. g5 Kg8 51. h5 Kh8 52. Rd8 Kg7 53. Rd7+ Kh8 1-0

[Event "Chigorin Memorial 2019"]
[Site "St Petersburg RUS"]
[Date "2019.10.08"]
[Round "4.66"]
[White "Pogosian, Vladimir"]
[Black "Azimov, Ilyas"]
[Result "0-1"]
[WhiteElo "1997"]
[BlackElo "2229"]
[WhiteFideId "13301586"]
[BlackFideId "24175226"]
[EventDate "2019.10.05"]

1. f4 c5 2. Nf3 d5 3. g3 g6 4. Bg2 Bg7 5. O-O Nf6 6. d3 Nc6 7. Nc3 d4 8. Ne4
Nxe4 9. dxe4 O-O 10. a3 Qb6 11. h3 Rd8 12. g4 c4 13. Kh1 d3 14. exd3 cxd3 15. c3
Na5 16. Nd2 Be6 17. f5 Bb3 18. Qf3 Bc2 19. e5 Bxe5 20. b4 Nb3 21. Nc4 Qc6 22.
Qxc6 bxc6 23. Nxe5 Nxa1 24. fxg6 hxg6 25. Nxc6 Nb3 26. Nxe7+ Kf8 27. Nxg6+ Kg7
28. Ne5 Nxc1 29. Rxf7+ Kg8 30. Bxa8 d2 31. Bf3 0-1

[Event "Chigorin Memorial 2019"]
[Site "St Petersburg RUS"]
[Date "2019.10.08"]
[Round "4.67"]
[White "Kavyev, Ruslan"]
[Black "Zhukov, Maksim"]
[Result "1/2-1/2"]
[BlackTitle "FM"]
[WhiteElo "2228"]
[BlackElo "2000"]
[WhiteFideId "34110981"]
[BlackFideId "34181790"]
[EventDate "2019.10.05"]

1. d4 Nf6 2. c4 c5 3. d5 b5 4. cxb5 a6 5. bxa6 g6 6. Nc3 d6 7. e4 Bg7 8. Nf3 Qa5
9. Bd2 Bxa6 10. Bxa6 Qxa6 11. Qc2 Nbd7 12. a4 Rb8 13. Ra3 O-O 14. Nb5 Nb6 15.
O-O Rfc8 16. b3 Nbxd5 17. Ra2 Nb4 18. Bxb4 cxb4 19. Qe2 d5 20. exd5 Nxd5 21. Rc2
Rxc2 22. Qxc2 Nc3 23. Re1 Nxb5 24. axb5 Rxb5 25. Rxe7 Bc3 26. h4 Qd6 27. Ra7 Rd5
28. g3 Rd3 29. Qe2 Qd5 30. Kg2 Kg7 31. Ra5 Qxa5 32. Qxd3 h6 33. Qc4 Qf5 34. Nh2
h5 35. Nf3 Qf6 1/2-1/2

[Event "Chigorin Memorial 2019"]
[Site "St Petersburg RUS"]
[Date "2019.10.08"]
[Round "4.68"]
[White "Dubrovin, Robert"]
[Black "Usacheva, Glafira"]
[Result "1-0"]
[WhiteElo "2224"]
[BlackElo "1905"]
[WhiteFideId "4501829"]
[BlackFideId "34119741"]
[EventDate "2019.10.05"]

1. d4 d5 2. c4 e6 3. Nc3 Nf6 4. Bg5 Nbd7 5. e3 c6 6. cxd5 exd5 7. Bd3 Qa5 8. Qc2
Bd6 9. Ne2 O-O 10. O-O Re8 11. h3 Be7 12. a3 a6 13. b4 Qd8 14. f3 Nf8 15. e4 Be6
16. e5 N6d7 17. Bxe7 Qxe7 18. f4 g6 19. g4 Qh4 20. Rf3 Nb6 21. f5 Bd7 22. Raf1
Re7 23. Nf4 Qg5 24. Kh2 a5 25. Qc1 Rae8 26. Nfxd5 Qxc1 27. Nf6+ Kh8 28. Rxc1 Ra8
29. Nce4 axb4 30. axb4 Ra3 31. Nd6 Kg7 32. Nxb7 Ra8 33. Nc5 1-0

[Event "Chigorin Memorial 2019"]
[Site "St Petersburg RUS"]
[Date "2019.10.08"]
[Round "4.69"]
[White "Serov, Aleksandr"]
[Black "Trifonov, Pavel"]
[Result "0-1"]
[BlackTitle "FM"]
[WhiteElo "1826"]
[BlackElo "2220"]
[WhiteFideId "34177261"]
[BlackFideId "4194446"]
[EventDate "2019.10.05"]

1. Nf3 Nf6 2. g3 d5 3. Bg2 Nc6 4. d4 Bf5 5. O-O e6 6. c4 Be7 7. Nc3 O-O 8. cxd5
exd5 9. Nh4 Bg4 10. h3 Bc8 11. Kh2 h6 12. Bh1 Re8 13. Ng2 Qd7 14. g4 Bd6+ 15.
Kg1 h5 16. f3 Ne7 17. Bf4 Ng6 18. Bg5 hxg4 19. hxg4 c6 20. Bxf6 gxf6 21. e3 Kg7
22. Ne2 Qc7 23. Qd2 f5 24. g5 Qe7 25. f4 f6 26. gxf6+ Kxf6 27. Rf3 Rh8 28. Kf2
Rh2 29. Rg1 Qh7 30. Rg3 Rxh1 31. Rxg6+ Kxg6 32. Nh4+ Kf7 33. Rxh1 Be7 34. Ng1
Bxh4+ 35. Ke2 Qg7 0-1

[Event "Chigorin Memorial 2019"]
[Site "St Petersburg RUS"]
[Date "2019.10.08"]
[Round "4.70"]
[White "Ismagilov, Igor"]
[Black "Getman, Tatyana"]
[Result "0-1"]
[BlackTitle "WFM"]
[WhiteElo "1835"]
[BlackElo "2211"]
[WhiteFideId "44100507"]
[BlackFideId "34166146"]
[EventDate "2019.10.05"]

1. d4 Nf6 2. Bf4 d5 3. e3 c5 4. c3 Nc6 5. Nd2 Bf5 6. Ngf3 e6 7. Be2 Bd6 8. Qb3
O-O 9. Qxb7 Na5 10. Qa6 Bxf4 11. exf4 Qc7 12. dxc5 Qxc5 13. O-O Qc7 14. g3 Rab8
15. b4 Nc6 16. Rac1 Rfc8 17. Nb3 Ne4 18. Qa3 Qb6 19. Nbd4 Bh3 20. Rfd1 f6 21.
Qb3 Rd8 22. Bd3 Bg4 23. Bxe4 dxe4 24. Nxc6 Rxd1+ 25. Qxd1 Qxc6 26. Nd4 Qxc3 27.
Rxc3 Bxd1 28. Nc6 Rb6 29. a3 a6 30. Ne7+ Kf8 31. Nc8 Rb7 32. Nd6 Rd7 33. Nxe4
Be2 34. Nc5 Rd1+ 35. Kg2 Kf7 36. Rc2 Bb5 37. Kf3 Re1 38. Ne4 Bd3 39. Rc7+ Kg6
40. Nc5 Bc4 41. g4 Bd5+ 42. Kg3 Rg1+ 43. Kh4 Kh6 44. Nd7 Bf3 45. Rc3 g5+ 46.
fxg5+ fxg5+ 47. Kh3 Bxg4# 0-1

[Event "Chigorin Memorial 2019"]
[Site "St Petersburg RUS"]
[Date "2019.10.08"]
[Round "4.71"]
[White "Grekhov, Luka"]
[Black "Zhang, Lanlin"]
[Result "0-1"]
[WhiteElo "1601"]
[BlackElo "2203"]
[WhiteFideId "44129637"]
[BlackFideId "8608032"]
[EventDate "2019.10.05"]

1. e4 c5 2. Nf3 d6 3. d4 cxd4 4. Nxd4 Nf6 5. Nc3 a6 6. Bc4 e6 7. Bg5 Be7 8. O-O
O-O 9. a4 Nc6 10. Be3 Qc7 11. Nxc6 bxc6 12. a5 d5 13. exd5 cxd5 14. Be2 Bb7 15.
Na4 e5 16. Nb6 Rad8 17. f3 d4 18. Bf2 e4 19. fxe4 Nxe4 20. Bxd4 Rxd4 0-1

[Event "Chigorin Memorial 2019"]
[Site "St Petersburg RUS"]
[Date "2019.10.08"]
[Round "4.72"]
[White "Podetti, Davide"]
[Black "Shinkarov, Artem"]
[Result "1-0"]
[WhiteElo "2203"]
[BlackElo "1845"]
[WhiteFideId "893617"]
[BlackFideId "54153867"]
[EventDate "2019.10.05"]

1. e4 e6 2. d4 d5 3. Nc3 Nf6 4. e5 Nfd7 5. f4 c5 6. Nf3 Nc6 7. Be3 a6 8. Qd2
cxd4 9. Nxd4 Bc5 10. Nb3 Bxe3 11. Qxe3 Ndxe5 12. O-O-O Nd7 13. Nxd5 O-O 14. Nc3
Qe7 15. g3 Nf6 16. Bg2 Rd8 17. Bxc6 bxc6 18. Rxd8+ Qxd8 19. Rd1 Qc7 20. Qe5 Qe7
21. Nc5 Ne8 22. N3e4 a5 23. Nd6 Nf6 24. Nf5 Qf8 25. Nh6+ 1-0

[Event "Chigorin Memorial 2019"]
[Site "St Petersburg RUS"]
[Date "2019.10.08"]
[Round "4.73"]
[White "Abdisalimov, Abdimalik"]
[Black "Schetchikov, Vladimir"]
[Result "1-0"]
[WhiteTitle "FM"]
[BlackTitle "FM"]
[WhiteElo "2409"]
[BlackElo "1834"]
[WhiteFideId "14206323"]
[BlackFideId "4131193"]
[EventDate "2019.10.05"]

1. e4 c5 2. Nc3 Nc6 3. Bb5 g6 4. Bxc6 dxc6 5. f4 Bg7 6. Nf3 Bg4 7. O-O e6 8. e5
Ne7 9. Ne4 Nf5 10. Nxc5 O-O 11. h3 Bxf3 12. Qxf3 Qb6 13. Qf2 Rfd8 14. c3 Bf8 15.
Ne4 Rd3 16. Kh2 Rad8 17. g4 Ne7 18. Qxb6 axb6 19. Nf2 R3d7 20. d4 Kg7 21. Ne4
Ng8 22. f5 exf5 23. gxf5 gxf5 24. Rxf5 Ne7 25. Rf2 Ng6 26. Bg5 Be7 27. Raf1 Bxg5
28. Nxg5 Nh8 29. e6 Re7 30. Nxf7 Nxf7 31. Rxf7+ Rxf7 32. Rxf7+ 1-0

[Event "Chigorin Memorial 2019"]
[Site "St Petersburg RUS"]
[Date "2019.10.08"]
[Round "4.74"]
[White "Antonian, Grant"]
[Black "Pershin, Denis"]
[Result "0-1"]
[BlackTitle "IM"]
[WhiteElo "2039"]
[BlackElo "2401"]
[WhiteFideId "24197807"]
[BlackFideId "24165506"]
[EventDate "2019.10.05"]

1. e4 c6 2. d4 d5 3. Nc3 dxe4 4. Nxe4 Nf6 5. Nxf6+ exf6 6. Nf3 Bd6 7. Bd3 O-O 8.
O-O Bg4 9. Re1 Nd7 10. Be3 Re8 11. c4 Nf8 12. d5 cxd5 13. cxd5 Bc7 14. Be2 Qd6
15. g3 Ba5 16. Qa4 Bxe1 17. Qxg4 Ba5 18. Bb5 Rxe3 19. fxe3 Qxd5 20. Bc4 Qc5 21.
Qd4 Qc7 22. Qf4 Qe7 23. Nd4 g6 24. Rf1 Nd7 25. Bb5 Bd2 26. Kf2 Re8 27. Nc2 Rc8
28. Nd4 Nb6 29. Ke2 Nd5 30. Qf3 Bxe3 31. Nf5 Rc2+ 32. Kd1 Rd2+ 0-1

[Event "Chigorin Memorial 2019"]
[Site "St Petersburg RUS"]
[Date "2019.10.08"]
[Round "4.75"]
[White "Kiseleva, Arina"]
[Black "Yagupov, Igor"]
[Result "0-1"]
[WhiteTitle "WCM"]
[BlackTitle "GM"]
[WhiteElo "2034"]
[BlackElo "2381"]
[WhiteFideId "4164989"]
[BlackFideId "4113632"]
[EventDate "2019.10.05"]

1. d4 d5 2. Nf3 Nf6 3. c4 e6 4. Nc3 dxc4 5. e3 a6 6. Bxc4 c5 7. O-O Nc6 8. a4
cxd4 9. exd4 Nb4 10. Bg5 Be7 11. Qb3 Nc6 12. Qd1 O-O 13. d5 Nxd5 14. Nxd5 Bxg5
15. Nxg5 Qxg5 16. Ne3 Rd8 17. Qc1 Bd7 18. b3 Nd4 19. Kh1 Bc6 20. a5 Nf3 21. Rd1
Qh4 22. Rxd8+ Rxd8 23. gxf3 Qxf2 24. Bf1 Rd3 25. Ng2 Qxf3 26. Qc2 Rd4 27. Kg1
Qd5 28. Ra2 h5 29. h3 Rd1 30. Qf2 Qxb3 31. Ne3 Rd4 32. Rd2 Qc3 33. Rxd4 Qxd4 34.
Nc4 Qd5 35. Qd2 Qh1+ 36. Kf2 Qf3+ 37. Ke1 Qg3+ 38. Qf2 Qc3+ 39. Qd2 Qf6 40. Qb2
Qe7 41. Qe5 Qh4+ 42. Kd2 Bb5 43. Qb8+ Kh7 44. Bd3+ f5 45. Qc8 Qf2+ 46. Kc3 Qe1+
47. Kc2 Ba4+ 48. Kb2 Qb4+ 49. Ka2 Qb3+ 50. Ka1 Qc3+ 51. Kb1 Qxd3+ 52. Kb2 Qb3+
53. Ka1 Qc3+ 54. Kb1 Bc2+ 0-1

[Event "Chigorin Memorial 2019"]
[Site "St Petersburg RUS"]
[Date "2019.10.08"]
[Round "4.77"]
[White "Purtov, Andrei"]
[Black "Shalagin, Vladimir"]
[Result "1-0"]
[WhiteTitle "IM"]
[WhiteElo "2353"]
[BlackElo "2042"]
[WhiteFideId "4102037"]
[BlackFideId "34191990"]
[EventDate "2019.10.05"]

1. e4 e5 2. Nf3 Nc6 3. Bc4 Bc5 4. d3 Nf6 5. Bb3 a6 6. h3 d5 7. exd5 Nxd5 8. O-O
O-O 9. Re1 Qd6 10. Nbd2 Ba7 11. Ne4 Qd8 12. Bg5 f6 13. Nc3 Be6 14. Be3 Bf7 15.
Bxa7 Rxa7 16. d4 exd4 17. Nxd5 Bxd5 18. Nxd4 Ne5 19. f4 Bxb3 20. fxe5 Bd5 21.
Nf5 Be6 22. Nd4 Bd5 23. e6 Qe7 24. Nf5 Qc5+ 25. Kh1 Bxg2+ 26. Kxg2 Qxf5 27. Qf3
Qxf3+ 28. Kxf3 Re8 29. Rad1 Raa8 30. Rd7 Rac8 31. Kf4 g6 32. h4 Rcd8 33. h5 Rc8
34. h6 Rcd8 35. a4 Rc8 36. a5 b6 37. b4 bxa5 38. bxa5 Rb8 39. Rg7+ Kh8 40. Rxc7
Rb5 41. c4 1-0

[Event "Chigorin Memorial 2019"]
[Site "St Petersburg RUS"]
[Date "2019.10.08"]
[Round "4.78"]
[White "Sichinava, Zviad"]
[Black "Pavlov, Mikhail"]
[Result "1-0"]
[WhiteElo "2278"]
[BlackElo "2034"]
[WhiteFideId "24111716"]
[BlackFideId "44126573"]
[EventDate "2019.10.05"]

1. d4 Nf6 2. c4 c5 3. d5 b5 4. cxb5 a6 5. bxa6 g6 6. Nc3 Bxa6 7. e4 Bxf1 8. Kxf1
d6 9. g3 Bg7 10. Kg2 O-O 11. Nf3 Nbd7 12. a4 Qa5 13. Qc2 Rfb8 14. Ra3 Nb6 15. b3
c4 16. Nd4 Nbxd5 17. Nxd5 Nxd5 18. Qxc4 Rb4 19. Qxd5 Qxd5 20. exd5 Rxd4 21. Be3
Rxd5 22. b4 e6 23. b5 Rxb5 24. axb5 Rxa3 25. Rb1 Be5 26. b6 d5 27. b7 Bb8 28.
Rc1 Kg7 29. Rc8 Bd6 30. Bd4+ f6 31. Rd8 1-0

[Event "Chigorin Memorial 2019"]
[Site "St Petersburg RUS"]
[Date "2019.10.08"]
[Round "4.79"]
[White "Ter-Saakian, Grigorii"]
[Black "Vunder, Andrey"]
[Result "1/2-1/2"]
[WhiteTitle "FM"]
[WhiteElo "2277"]
[BlackElo "2027"]
[WhiteFideId "34136204"]
[BlackFideId "4128338"]
[EventDate "2019.10.05"]

1. e4 c6 2. Nc3 d5 3. Nf3 Nf6 4. e5 Ne4 5. Ne2 Qb6 6. d4 e6 7. Nfg1 f6 8. f3 Ng5
9. exf6 gxf6 10. c3 c5 11. Bxg5 fxg5 12. Qd2 Nc6 13. O-O-O Be7 14. Nh3 Rg8 15.
Kb1 Bd7 16. dxc5 Bxc5 17. Nd4 Nxd4 18. cxd4 Be7 19. Bd3 Rg7 20. Nf2 h5 21. g4 h4
22. f4 O-O-O 23. f5 exf5 24. Bxf5 Kb8 25. Bxd7 Rxd7 26. Rhe1 Rd8 27. Re5 Bf6 28.
Rf5 Re7 29. Rf3 Rde8 30. Rb3 Qd6 31. Nd3 Bxd4 32. Qxg5 Qxh2 33. Qxd5 Bb6 34. Nc5
Bxc5 35. Qxc5 Rc7 36. Qf5 Qe2 37. Qd3 Qxg4 38. a3 Qe4 39. Qxe4 Rxe4 40. Rd8+ Rc8
41. Rd7 1/2-1/2

[Event "Chigorin Memorial 2019"]
[Site "St Petersburg RUS"]
[Date "2019.10.08"]
[Round "4.80"]
[White "Bimiev, Ahmad"]
[Black "Vorobieva, Varvara"]
[Result "1/2-1/2"]
[WhiteElo "2266"]
[BlackElo "2015"]
[WhiteFideId "24102938"]
[BlackFideId "44126590"]
[EventDate "2019.10.05"]

1. c4 c6 2. Nf3 d5 3. b3 Nf6 4. Bb2 Bf5 5. d3 e6 6. g3 Be7 7. Bg2 O-O 8. Nh4 Bg6
9. Nxg6 hxg6 10. O-O a5 11. a3 Nbd7 12. Nd2 Qb6 13. Qc2 Rfd8 14. Rab1 Rac8 15.
Nf3 Qc7 16. Rfc1 Ne8 17. h4 Bf6 18. d4 dxc4 19. bxc4 c5 20. d5 exd5 21. cxd5
Bxb2 22. Rxb2 Nd6 23. Nd4 Nf6 24. Bh3 Nd7 25. e4 Re8 26. Nb5 Nxb5 27. Rxb5 c4
28. Rcb1 b6 29. Bxd7 Qxd7 30. Rxb6 Rc7 31. d6 Rc6 32. Rxc6 Qxc6 33. Rd1 f6 34.
Rd4 Rd8 35. Qxc4+ Qxc4 36. Rxc4 Rxd6 37. Ra4 Re6 38. f4 g5 39. hxg5 fxg5 40. e5
gxf4 41. gxf4 g5 42. Rxa5 gxf4 43. Kf2 Re8 44. Kf3 Rf8 45. Ra4 Rf5 46. Re4 Kf7
47. a4 Ke6 48. a5 Rf8 49. Rxf4 Ra8 50. Ke4 Rxa5 1/2-1/2

[Event "Chigorin Memorial 2019"]
[Site "St Petersburg RUS"]
[Date "2019.10.08"]
[Round "4.81"]
[White "Silich, Yahor"]
[Black "Trofimov, Ivan"]
[Result "1-0"]
[WhiteTitle "FM"]
[WhiteElo "2131"]
[BlackElo "2014"]
[WhiteFideId "13513656"]
[BlackFideId "44136870"]
[EventDate "2019.10.05"]

1. e4 c5 2. Nf3 Nc6 3. Bb5 g6 4. Bxc6 bxc6 5. O-O Bg7 6. Re1 e5 7. b4 cxb4 8.
Bb2 d6 9. d4 exd4 10. Bxd4 Nf6 11. c3 bxc3 12. Qa4 O-O 13. Qxc6 Bg4 14. Qxc3 Rc8
15. Qd3 Qa5 16. Nbd2 Rfe8 17. h3 Bd7 18. a4 Bc6 19. Bc3 Qc7 20. Bd4 Qd7 21. a5
Bb5 22. Qb3 a6 23. Qb2 Nh5 24. Bxg7 Nxg7 25. Nd4 Rc5 26. Rac1 Rce5 27. N2f3 Rxe4
28. Rxe4 Rxe4 29. Nxb5 axb5 30. Nd4 Ne8 31. Qxb5 Qe7 32. Nf3 Kg7 33. a6 Qa7 34.
Qb7 Re7 35. Qb2+ f6 36. Ra1 Qc5 37. Nd4 Nc7 38. a7 Qd5 39. Qc3 Na8 40. Ra5 Qb7
41. Kh2 h5 42. Qg3 Re5 43. Nf5+ Kh7 44. Nxd6 Qc7 45. Rxe5 fxe5 46. Qxe5 Qxa7 47.
f4 Qg7 48. Qg5 Nc7 49. Ne4 Ne8 50. Qd5 Nf6 51. Ng5+ Kh6 52. Qe5 Nd7 53. Qe8 Nf6
54. Qd8 Ng8 55. Qd2 Qc7 56. Kh1 Qe7 57. Qd4 Nf6 58. Nf3 Nh7 59. Ne5 Nf6 60. Qd3
Qe8 61. Qe3 Kh7 62. Qa7+ Kg8 63. Qc7 Nh7 64. Kh2 Nf6 65. Kh1 Nh7 66. Kg1 Nf6 67.
Kh2 Nh7 68. Nc6 Qf7 69. Qe5 Qf6 70. Qe4 Kg7 71. Nd4 Qd6 72. Qe5+ Qf6 73. Kg3 Nf8
74. Kf3 Nd7 75. Qd5 Nf8 76. Ke4 Nh7 77. Qe5 Kf7 78. Qd5+ Kg7 79. Qd7+ Kh6 80. g4
hxg4 81. hxg4 Qh4 82. Ke3 Qe1+ 83. Ne2 Qa1 84. Qe7 g5 85. Qe6+ Nf6 86. f5 Kg7
87. Qe7+ Kg8 88. Qe6+ Kg7 89. Qc4 Qe5+ 90. Kf3 Nd5 91. Qe4 Qd6 92. Qd4+ Kh7 93.
Nc3 Qf4+ 94. Qxf4 Nxf4 95. Ke4 Kg7 96. Ke5 Kf7 97. Ne4 Nh3 98. Nd6+ Ke7 99. f6+
Kd7 100. Ne4 Ke8 101. Kf5 Nf4 102. Kxg5 Ng2 103. Kg6 Kf8 104. g5 1-0

[Event "Chigorin Memorial 2019"]
[Site "St Petersburg RUS"]
[Date "2019.10.08"]
[Round "4.82"]
[White "Kuznetsov, Mikhail"]
[Black "Tarasov, Ilya"]
[Result "0-1"]
[WhiteElo "1971"]
[BlackElo "2227"]
[WhiteFideId "54126738"]
[BlackFideId "24157945"]
[EventDate "2019.10.05"]

1. d4 Nf6 2. c4 e6 3. Nf3 b6 4. g3 Bb4+ 5. Bd2 Be7 6. Bg2 c6 7. O-O d5 8. b3 Ba6
9. cxd5 cxd5 10. Bg5 Nbd7 11. a4 Ne4 12. Bxe7 Qxe7 13. Nfd2 Nd6 14. Nc3 O-O 15.
Qb1 Rac8 16. Rc1 Nf5 17. e3 h5 18. b4 h4 19. b5 Bb7 20. Qd3 Nf6 21. Bh3 hxg3 22.
hxg3 Nd6 23. Bg2 g6 24. Bf3 Kg7 25. Na2 Nc4 26. Qe2 Nb2 27. Nb1 Nc4 28. Nd2 Rh8
29. Nxc4 Rxc4 30. Rxc4 dxc4 31. Nc3 Bxf3 32. Qxf3 Qb4 33. e4 Qb3 34. Rb1 Qc2 35.
Rf1 Rd8 36. Qe3 Ng4 37. Qg5 Rd7 38. Qxg4 Qxc3 39. Qf4 Qd3 40. Qe5+ Kh7 41. Qf6
Kg8 42. Qe5 c3 43. Qb8+ 0-1